Szczegóły MARC21

Geschichte der deutschen Sprache : ein Lehrbuch für das germanistische Studium /

003 -Nazwa inst., której nr kontr. jest w polu 001 [,]
    • @
    • Nazwa instytucji, której n kontrolny jest w polu 001
    • NUKAT
005 -DATA I CZAS OSTATNIEJ MODYFIKACJI [,]
    • @
    • pole kontrolne
    • 20241231094929.0
020 -Międzynarod. znormalizowany nr książki - ISBN [ , ]
    • a
    • Numer ISBN
    • 3777607207 Find
040 -Instytucja sporządzająca opis [ , ]
    • a
    • Instytucja, która sporządziła opis (NP)
    • WR U/jlk
    • c
    • Instytucja, która sporządziła rekord (NP)
    • WR U/jlk
    • d
    • Instytucja, która zmodyfikowała rekord (P)
    • WR U/dl
942 -Rodzaj dokumentu [ , ]
    • c
    • Rodzaj dokumentu
    • Książka
100 -Hasło główne - nazwa osobowa [1, ]
    • a
    • Nazwa osobowa (NP)
    • Schmidt, Wilhelm
    • d
    • Daty biograficzne (NP)
    • (1914-1982).
    • 9
    • KHW
    • 50924
245 -Strefa tytułu i oznaczenia odpowiedzialności [1,0]
    • a
    • Tytuł
    • Geschichte der deutschen Sprache : Find
    • b
    • Ciąg dalszy tytułu (NP)
    • ein Lehrbuch für das germanistische Studium / Find
    • c
    • Pozostałe elementy strefy tytułu i oznaczenia odpowiedzialności (NP)
    • Wilhelm Schmidt.
250 -Strefa wydania [ , ]
    • a
    • Oznaczenie wydania (NP)
    • 7., verb. Aufl. /
    • b
    • Ciąg dalszy strefy wydania (NP)
    • erarb. unter der Leitung von Helmut Langner.
260 -Strefa adresu wydawniczego [ , ]
    • a
    • Miejsce wydania (P)
    • Stuttgart ;
    • a
    • Miejsce wydania (P)
    • Leipzig :
    • b
    • Nazwa wydawcy (P)
    • S.Hirzel - Wissenschaftliche Verlagsgesellschaft,
    • c
    • Data wydania (P)
    • 1996.
300 -Strefa opisu fizycznego [ , ]
    • a
    • Określenie formy książki i/lub objętość (NP)
    • 383 s. :
    • b
    • Oznaczenie ilustracji (NP)
    • il. ;
    • c
    • Format (NP)
    • 24 cm +
    • e
    • Oznaczenie dokumentu towarzyszącego (NP)
    • [3] k. tabl. złoż.
336 -Typ zawartości [ , ]
    • a
    • Termin opisujący typ zawartości
    • Tekst
    • b
    • Kod określający zawartość
    • txt
    • 2
    • Źródło (terminu i kodu)
    • rdacontent
337 -Typ mediów [ , ]
    • a
    • Tryb odtwarzania
    • Bez urządzenia pośredniczącego
    • b
    • Kod typu mediów
    • n
    • 2
    • Źródło (terminu i kodu)
    • rdamedia
338 -Typ/rodzaj nośnika [ , ]
    • a
    • Hasło opisujące typ nośnika
    • Wolumin
    • b
    • Kod typu nośnika
    • nc
    • 2
    • Źródło (terminu i kodu)
    • rdacarrier
500 -Uwaga ogólna [ , ]
    • a
    • Uwaga ogólna (NP)
    • Tablice w kieszonce.
500 -Uwaga ogólna [ , ]
    • a
    • Uwaga ogólna (NP)
    • Na s. przytyt.: Begründet von Wilhelm Schmidt.
504 -Uwaga dot. bibliogr. załącznikowej [ , ]
    • a
    • Uwaga dot. bibliografii załącznikowej
    • Bibliogr. s. [351]-374. Indeks.
650 -Hasło przedmiotowe [ ,7]
    • a
    • Hasło przedmiotowe
    • Język niemiecki
    • x
    • Określnik rzeczowy
    • historia
    • v
    • Określnik formalny
    • podręczniki akademickie.
    • 2
    • Źródło terminu
    • kaba
    • 9
    • KHW
    • 401344
700 -Hasło dodatkowe - nazwa osobowa [1, ]
    • a
    • Nazwa osobowa (NP)
    • Langner, Helmut Find
    • d
    • Daty biograficzne (NP)
    • (1926- ).
    • e
    • Określenie rodzaju współpracy
    • Oprac.
    • 9
    • KHW
    • 508992
920 -ISBN [ , ]
    • a
    • ISBN
    • 3-7776-0720-7 Find
Data inwentaryzacji Lokalizacja Status udost. Numer inwentarzowy Sygnatura
2019-11-27BM1G.21046GERM. Historia jęz. niem. 01